书目信息 |
| 题名: |
图说中国文化
|
|
| 作者: | 何晓明 编著 | |
| 分册: | 民俗卷 | |
| 出版信息: | 长春 吉林人民出版社 2009 |
|
| 页数: | 208页 | |
| 开本: | 25cm | |
| 丛书名: | ||
| 单 册: | ||
| 中图分类: | K203-49 , K892-49 | |
| 科图分类: | ||
| 主题词: | 文化史--中国--通俗读物 , 风俗习惯--中国--通俗读物 , 文化史 , 风俗习惯 | |
| 电子资源: | ||
| ISBN: | 978-7-206-05386-3 | |
| 000 | 00933nam0 2200277 45 | |
| 001 | 1050821687 | |
| 005 | 20100419100207.17 | |
| 010 | @a978-7-206-05386-3@dCNY39.80 | |
| 100 | @a20100409e20092007em y0chiy0110 ea | |
| 101 | 0 | @achi |
| 102 | @aCN@b220000 | |
| 105 | @aa z 000yy | |
| 106 | @ar | |
| 200 | 1 | @a图说中国文化@ATu Shuo Zhong Guo Wen Hua@i民俗卷@IMin Su Juan@f何晓明等编著@FHe Xiao Ming Deng Bian Zhu |
| 210 | @a长春@c吉林人民出版社@d2009@h2007 | |
| 215 | @a208页@c图@d25cm | |
| 330 | @a本书分为六部分:喜庆欢快的岁时节日、隆重热烈的人生庆典、肃穆庄严的祭祀仪式、细致入微的起居规范、多姿多彩的民族风情、趣味盎然的民间游艺。 | |
| 606 | 0 | @a文化史@y中国@j通俗读物 |
| 606 | 0 | @a风俗习惯@y中国@j通俗读物 |
| 606 | 0 | @a文化史 |
| 606 | 0 | @a风俗习惯 |
| 690 | @aK203-49@v4 | |
| 690 | @aK892-49@v4 | |
| 701 | 0 | @a何晓明@AHe Xiao Ming@4编著 |
| 801 | 0 | @aCN@bTANGWEI@c20100419 |
| 905 | @b0590838-39@dK203-49@e129:2@f2 | |
| 图说中国文化.民俗卷/何晓明等编著.-长春:吉林人民出版社,2009(2007) |
| 208页:图;25cm |
| ISBN 978-7-206-05386-3:CNY39.80 |
| 本书分为六部分:喜庆欢快的岁时节日、隆重热烈的人生庆典、肃穆庄严的祭祀仪式、细致入微的起居规范、多姿多彩的民族风情、趣味盎然的民间游艺。 |
| ● |
| 相关链接 |
|
|
|
|
正题名:图说中国文化
索取号:K203-49/129:2
 
预约/预借
| 序号 | 登录号 | 条形码 | 馆藏地/架位号 | 状态 | 备注 |
| 1 | 0590838 | 205908384 | 第二样本阅览室/ [索取号:K203-49/129:2] | 在馆 | |
| 2 | 0590839 | 205908393 | 第二借阅区/ [索取号:K203-49/129:2] | 在馆 |